| 000 | 00759nam a2200229 a 4500 | ||
|---|---|---|---|
| 001 | 49522 | ||
| 003 | BD-RjUL | ||
| 005 | 20211209054706.0 | ||
| 008 | 160821s1968 BG |||| |||| 00|benbbend | ||
| 020 | _c: Tk. 7.00 | ||
| 035 | _a(BD-RjUL)49641 | ||
| 040 |
_aBD-RjUL _bben _cBD-RjUL |
||
| 041 | _aben | ||
| 082 |
_223 _a891.443 _bPAN 1968 |
||
| 100 | 1 |
_aপাশা, আনোয়ার _9148000 |
|
| 245 | 1 | 0 |
_aনীড় সন্ধানী / _cআনোয়ার পাশা |
| 260 |
_aঢাকা : _bমাওলা ব্রাদার্স, _c১৯৬৮ |
||
| 300 |
_a২৯৪ পৃ. ; _b২১ সেমি. |
||
| 650 |
_aবাংলা উপন্যাস _9148001 |
||
| 650 |
_aBengali Fiction _9148002 |
||
| 942 |
_2ddc _cBK |
||
| 999 |
_c49522 _d49522 |
||